Presadzovanie etických hodnôt v podnikaní na príklade fair trade
Jedným z významných alternatívnych prístupov k medzinárodnému obchodu je hnutie Fair Trade, ktorého cieľom je dosiahnutie spravodlivejšej redistribúcie príjmov medzi predajcami v rozvinutých trhových ekonomikách a výrobcami v rozvojových ekonomikách. Posledné dve desaťročia zazname...
Uložené v:
| Hlavný autor: | |
|---|---|
| Médium: | Kapitola |
| Jazyk: | Slovak |
| Predmet: | |
| Tagy: |
Žiadne tagy, Buďte prvý, kto otaguje tento záznam!
|
MARC
| LEADER | 00000nla$a2200000$$$4500 | ||
|---|---|---|---|
| 001 | 0147563 | ||
| 005 | 20240502072650.3 | ||
| 041 | 0 | |a slo | |
| 044 | |a SK | ||
| 245 | 1 | 0 | |a Presadzovanie etických hodnôt v podnikaní na príklade fair trade |c Simona Škorvagová |
| 520 | |a Jedným z významných alternatívnych prístupov k medzinárodnému obchodu je hnutie Fair Trade, ktorého cieľom je dosiahnutie spravodlivejšej redistribúcie príjmov medzi predajcami v rozvinutých trhových ekonomikách a výrobcami v rozvojových ekonomikách. Posledné dve desaťročia zaznamenáva táto iniciatíva významné úspechy. Jednou z hlavných príčin jeho úspechu je zmena vo vnímaní spotrebiteľov. Etický konzumerizmus a jeho vplyv na smerovanie Fair Trade. | ||
| 610 | 2 | 0 | |a obchod medzinárodný |
| 610 | 2 | 0 | |a spravodlivosť |
| 610 | 2 | 0 | |a etika |
| 610 | 2 | 0 | |a spotrebitelia |
| 100 | 1 | |a Škorvagová, Simona | |